[Event "PGMA Cup 2nd"]
[Site "Manila"]
[Date "2007.11.25"]
[Round "6"]
[White "Bitoon, Richard"]
[Black "Atutubo, Rodrigo"]
[Result "1-0"]
[WhiteElo "2402"]
[BlackElo "2330"]
[PlyCount "111"]
[EventDate "2007.11.22"]
[EventType "swiss"]
[EventRounds "9"]
[EventCountry "PHI"]
[SourceTitle "EXT 2009"]
[Source "ChessBase"]
[SourceDate "2008.11.26"]
[SourceVersion "1"]
[SourceVersionDate "2008.11.26"]
[SourceQuality "1"]

1. c4 c6 2. e4 d5 3. cxd5 cxd5 4. exd5 Nf6 5. Bb5+ Nbd7 6. Nc3 g6 7. Nf3 Bg7 8. Qb3 0-0 9. Bc4 Nb6 10. d3 Bf5 11. Be3 Nfd7 12. 0-0 Rc8 13. Nb5 a6 14. Nbd4 Nc5 15. Qa3 Bg4 16. h3 Bxf3 17. Nxf3 Nbd7 18. Rac1 a5 19. d4 Ne4 20. Bd3 Nd6 21. Bd2 Ra8 22. Rfe1 Nf6 23. Bg5 Nxd5 24. Qc5 Nf6 25. Qc7 h6 26. Bh4 g5 27. Bg3 Nd5 28. Qc2 Nb4 29. Qb1 Nxd3 30. Qxd3 e6 31. Be5 Nf5 32. Bxg7 Kxg7 33. Rc5 b6 34. Rce5 Qf6 35. Qb3 Rfd8 36. Qxb6 Rab8 37. Qc7 Rdc8 38. Qd7 Rd8 39. Qa7 Ra8 40. Qc5 Rac8 41. Qxa5 Nxd4 42. Nxd4 Rxd4 43. R5e2 g4 44. hxg4 Rxg4 45. Qe5 Qxe5 46. Rxe5 Kf6 47. R5e2 h5 48. f3 Rgg8 49. b4 h4 50. Kh2 Rc3 51. Re3 Rc4 52. Re4 Rc3 53. R1e2 h3 54. Kxh3 e5 55. Kh2 Ra3 56. b5 1-0

[Event "PGMA Cup 2nd"]
[Site "Manila"]
[Date "2007.11.23"]
[Round "2"]
[White "Docena, Jedara"]
[Black "Atutubo, Rodrigo"]
[Result "0-1"]
[WhiteElo "1990"]
[BlackElo "2330"]
[PlyCount "86"]
[EventDate "2007.11.22"]
[EventType "swiss"]
[EventRounds "9"]
[EventCountry "PHI"]
[SourceTitle "EXT 2009"]
[Source "ChessBase"]
[SourceDate "2008.11.26"]
[SourceVersion "1"]
[SourceVersionDate "2008.11.26"]
[SourceQuality "1"]

1. e4 e5 2. Nc3 Nc6 3. f4 Bb4 4. Nf3 d6 5. Bc4 Nf6 6. 0-0 0-0 7. d3 Bc5+ 8. Kh1 a6 9. Qe1 Nd4 10. Nxd4 Bxd4 11. Ne2 Bc5 12. b4 Bb6 13. fxe5 Ng4 14. exd6 Qxd6 15. Bf4 Qe7 16. Qg3 h5 17. h3 g5 18. hxg4 gxf4 19. Nxf4 h4 20. Qf3 Qg5 21. Nh5 Bd4 22. Rab1 Kh8 23. Qf4 Qxf4 24. Rxf4 Be5 25. Rff1 Bxg4 26. Nf6 Bc8 27. b5 Kg7 28. Nh5+ Kh6 29. Nf4 a5 30. Bd5 Rb8 31. a4 Bd7 32. Ne2 Bg4 33. Nc1 h3 34. Nb3 Kg5 35. d4 Bf4 36. Nc5 c6 37. bxc6 bxc6 38. Rxb8 Rxb8 39. Bxf7 Be3 40. Be6 Rb2 41. gxh3 Be2 42. Rf5+ Kh4 43. Bb3 Kg3 0-1

[Event "PGMA Cup 2nd"]
[Site "Manila"]
[Date "2007.11.22"]
[Round "1"]
[White "Atutubo, Rodrigo"]
[Black "Torre, Eugenio"]
[Result "0-1"]
[WhiteElo "2330"]
[BlackElo "2531"]
[PlyCount "78"]
[EventDate "2007.11.22"]
[EventType "swiss"]
[EventRounds "9"]
[EventCountry "PHI"]
[SourceTitle "EXT 2009"]
[Source "ChessBase"]
[SourceDate "2008.11.26"]
[SourceVersion "1"]
[SourceVersionDate "2008.11.26"]
[SourceQuality "1"]

1. e4 b6 2. d4 Bb7 3. Bd3 Nf6 4. Nc3 e6 5. Nf3 Bb4 6. Qe2 d5 7. e5 Ne4 8. 0-0 Nxc3 9. bxc3 Bxc3 10. Rb1 h6 11. Rb3 Ba5 12. Ba3 Nc6 13. c3 a6 14. Ne1 b5 15. Nc2 Bb6 16. f4 g6 17. Qg4 Qd7 18. Qh4 Na5 19. f5 gxf5 20. Qf6 Rg8 21. Ne3 Nc4 22. Bxc4 dxc4 23. Rb2 h5 24. Rbf2 Qd8 25. Qh6 Qg5 26. Qxg5 Rxg5 27. Rf4 Kd7 28. Kf2 Be4 29. Rg1 a5 30. Rd1 Bd3 31. Rd2 Rb8 32. Rb2 Ba7 33. g3 Be4 34. Bc5 Bxc5 35. dxc5 Rb7 36. h3 Kc6 37. Rd2 Kxc5 38. Rd7 b4 39. Rd4 h4 0-1

[Event "World op 21st"]
[Site "Philadelphia"]
[Date "1993.??.??"]
[Round "?"]
[White "Formanek, Edward W"]
[Black "Atutubo, Rodrigo"]
[Result "1/2-1/2"]
[WhiteElo "2335"]
[BlackElo "2205"]
[PlyCount "35"]
[EventDate "1993.??.??"]
[EventType "swiss"]
[EventRounds "9"]
[EventCountry "USA"]
[SourceTitle "EXT 1999"]
[Source "ChessBase"]
[SourceDate "1998.11.16"]
[SourceVersion "1"]
[SourceVersionDate "1998.11.16"]
[SourceQuality "1"]

1. d4 d5 2. c4 c6 3. Nf3 Nf6 4. Nc3 e6 5. cxd5 cxd5 6. Bf4 Be7 7. e3 0-0 8. Bd3 Nc6 9. Ne5 Nd7 10. Nxd7 Bxd7 11. 0-0 a6 12. Rc1 b5 13. h3 f5 14. Bh2 g5 15. Ne2 Rc8 16. Bb1 Be8 17. Kh1 Bh5 18. Qd2 1/2-1/2

[Event "Far East Bank op"]
[Site "Manila"]
[Date "1990.06.01"]
[Round "5"]
[White "Atutubo, Rodrigo"]
[Black "Ranola, Yves"]
[Result "0-1"]
[WhiteElo "2200"]
[BlackElo "2045"]
[PlyCount "96"]
[EventDate "1990.05.28"]
[EventType "swiss"]
[EventRounds "11"]
[EventCountry "PHI"]
[SourceTitle "EXT 2015"]
[Source "ChessBase"]
[SourceDate "2014.11.20"]
[SourceVersion "1"]
[SourceVersionDate "2014.11.20"]
[SourceQuality "1"]

1. e4 c5 2. Nf3 d6 3. d4 cxd4 4. Qxd4 Nc6 5. Bb5 Bd7 6. Bxc6 Bxc6 7. Nc3 Nf6 8. Bg5 e6 9. 0-0-0 Be7 10. Rhe1 Qa5 11. Qd2 0-0 12. Nd4 Rfd8 13. f4 h6 14. h4 a6 15. Qe2 Be8 16. Rh1 Rac8 17. Rh3 b5 18. a3 Rc4 19. f5 Bd7 20. Rg3 Kh7 21. Qd3 exf5 22. exf5 d5 23. Nxd5 hxg5 24. Nxe7 g4 25. Ndc6 Bxc6 26. Qxd8 Qa4 27. b3 Qxa3+ 28. Kb1 Be4 29. Rd2 Rb4 30. Qc8 Rxb3+ 31. Rxb3 Qxb3+ 32. Kc1 Qa3+ 33. Kd1 Qxe7 34. Qxa6 Qc5 35. Kc1 b4 36. Qd6 Qc3 37. Qd4 Qa3+ 38. Qb2 Qa5 39. Qd4 b3 40. cxb3 Qa3+ 41. Rb2 Bxf5 42. Qe5 Bg6 43. Kd2 Qb4+ 44. Ke2 Be4 45. Kf2 g3+ 46. Ke2 Bg6 47. Qxg3 Qd4 48. Ra2 Ne4 0-1

[Event "Far East Bank op"]
[Site "Manila"]
[Date "1990.05.29"]
[Round "2"]
[White "Atutubo, Rodrigo"]
[Black "Sayson, Alan"]
[Result "1-0"]
[WhiteElo "2200"]
[BlackElo "2027"]
[PlyCount "97"]
[EventDate "1990.05.28"]
[EventType "swiss"]
[EventRounds "11"]
[EventCountry "PHI"]
[SourceTitle "EXT 2015"]
[Source "ChessBase"]
[SourceDate "2014.11.20"]
[SourceVersion "1"]
[SourceVersionDate "2014.11.20"]
[SourceQuality "1"]

1. e4 e6 2. d4 d5 3. Nc3 dxe4 4. Nxe4 Nd7 5. Nf3 Ngf6 6. Bd3 Be7 7. Qe2 c5 8. c3 cxd4 9. cxd4 Nxe4 10. Qxe4 Qa5+ 11. Bd2 Bb4 12. a3 Bxd2+ 13. Nxd2 Nf6 14. Qe5 Qd5 15. Ne4 Qxe5 16. dxe5 Nxe4 17. Bxe4 Bd7 18. Rc1 Ke7 19. Kd2 Rab8 20. Rc7 Rhc8 21. Rhc1 h6 22. b4 f5 23. Bf3 b5 24. R1c5 Kd8 25. Rxa7 Rxc5 26. bxc5 Rc8 27. Ra8 Rxa8 28. Bxa8 Kc7 29. Bf3 Bc6 30. Be2 Bxg2 31. Bxb5 Bd5 32. Ke3 g5 33. a4 h5 34. a5 h4 35. Be2 g4 36. a6 Kc6 37. Kd4 h3 38. Bd1 Bg2 39. Ba4+ Kc7 40. Ke3 Bd5 41. Bb5 Bb3 42. Kf4 Bd5 43. Kg3 Bb3 44. f3 gxf3 45. Kxh3 f4 46. Kg4 Bd1 47. a7 f2+ 48. Kxf4 Kb7 49. Ke3 1-0